Thơ văn Nguyễn Phi Khanh tuyển

Gardado en:
Detalles Bibliográficos
Autor Principal: Nguyễn Phi Khanh
Outros autores: Bùi Văn Nguyên Đào Phương Bình (chọn dịch, chú thích), Bùi Văn Nguyên (Giới thiệu)
Formato: Libro
Idioma:Vietnamese
Publicado: H. Nxb. Văn học 1981
Các nhãn: Engadir etiqueta
Sen Etiquetas, Sexa o primeiro en etiquetar este rexistro!
Thư viện lưu trữ: Mạng thư viện Đại học Đà Nẵng
LEADER 00797nam a2200277 4500
001 000014491
003 10857
005 20120504150553.0
008 120504s1981 viesd
020 |c 6000 
041 0 |a vie 
082 |a 895.9221  |b NG-K 
100 0 |a Nguyễn Phi Khanh 
245 0 |a Thơ văn Nguyễn Phi Khanh  |b tuyển  |c Bùi Văn Nguyên; Đào Phương Bình 
260 |a H.  |b Nxb. Văn học  |c 1981 
300 |a 137 tr.  |c 19 cm 
700 |a Bùi Văn Nguyên  |a Đào Phương Bình  |e chọn dịch, chú thích 
700 |a Bùi Văn Nguyên  |e Giới thiệu 
OWN |a LSP 
999 |a From the UDN01 
TYP |a Monograph 
TYP |a Printed language 
980 |a Mạng thư viện Đại học Đà Nẵng